000 00788nam a2200229 4500
003 OSt
005 20240619011808.0
006 a
008 240619b |||||||| |||| 00| 0 eng d
020 _a9781894070775
040 _aDWCL-HMN lib.
_cOC
082 _2Second edition
_aCirc. 616.025 M489f 2007
245 _aMedical first responder, student manual : professional care in all communities /
250 _aSecond edition
260 _aCanada :
_bSt. John Ambulance,
_cc2007.
300 _aiii,
_b214 p. , col. : ill. ;
_c27 cm.
504 _aIncludes bibliographical references and index.
650 _a1. Medical emergencies.
650 _a2. First aid in ilness and injury.
650 _a3. Emergency medical technicians.
942 _2ddc
_n0
_cBK-CIRC
_eSecond edition
_kCirc.
999 _c855
_d855